National Parks of Germany - Statistics

General Stats
  • This quiz has been taken 33 times
  • The average score is 6 of 16
Answer Stats
State(s) National Park % Correct
Baden-Württemberg Black Forest
78%
Bavaria Bavarian Forest
61%
Lower Saxony & Saxony-Anhalt Harz
61%
Saxony Saxon Switzerland
52%
North Rhine-Westphalia Eifel
43%
Hamburg Hamburg Wadden Sea
39%
Lower Saxony Lower Saxon Wadden Sea
39%
Schleswig-Holstein Schleswig-Holstein Wadden Sea
39%
Bavaria Berchtesgaden
30%
Rhineland-Palatinate & Saarland Hunsrück-Hochwald
30%
Mecklenburg-Vorpommern Müritz
30%
Thuringia Hainich
22%
Mecklenburg-Vorpommern Jasmund
13%
Brandenburg Lower Oder Valley
13%
Mecklenburg-Vorpommern Western Pomerania Lagoon Area
13%
Hesse Kellerwald-Edersee
9%
No matching quizzes found
Score Distribution
Percent of People with Each Score
Percentile by Number Answered
Your Score History
You have not taken this quiz